[Event "Madrid-ch final"]
[Site "Madrid"]
[Date "2026.05.23"]
[Round "1.27"]
[White "Perez Hernandez, Alfonso"]
[Black "Feal Albala, Alonso"]
[Result "0-1"]
[WhiteElo "1822"]
[BlackElo "2150"]
[WhiteFideId "-1"]
[BlackFideId "-1"]
[PlyCount "66"]
[GameId "2312985717149977"]
[EventDate "2026.05.23"]
[EventType "swiss"]
[EventRounds "8"]
[EventCountry "ESP"]

1. c4 Nf6 2. Nc3 g6 3. e4 d6 4. d4 Bg7 5. f3 c5 6. dxc5 dxc5 7. Qxd8+ Kxd8 8. Be3 b6 9. O-O-O+ Nfd7 10. Nh3 h6 11. Nf4 Nc6 12. h4 Ba6 13. Nb5 e6 14. Be2 Bxb5 15. cxb5 Nd4 16. Bc4 Ke7 17. Ne2 Rhc8 18. b3 a6 19. Kb1 Nxb5 20. Bxb5 axb5 21. Rd2 Ra7 22. Rhd1 Rca8 23. f4 Nf6 24. Ng3 Ra3 25. f5 gxf5 26. Bf4 Nxe4 27. Nxe4 fxe4 28. Bc7 e3 29. Rd7+ Ke8 30. Bxb6 e2 31. Rd8+ Rxd8 32. Rxd8+ Ke7 33. Bxc5+ Kxd8 0-1

[Event "Madrid-ch final"]
[Site "Madrid"]
[Date "2026.05.23"]
[Round "1.28"]
[White "Bocancea, Cristian Andrei"]
[Black "Alcojor Patilla, Antonio"]
[Result "1-0"]
[WhiteElo "2149"]
[BlackElo "1804"]
[WhiteFideId "-1"]
[BlackFideId "-1"]
[PlyCount "71"]
[GameId "2312986409034026"]
[EventDate "2026.05.23"]
[EventType "swiss"]
[EventRounds "8"]
[EventCountry "ESP"]

1. d4 f5 2. Nc3 e6 3. e4 fxe4 4. Nxe4 Nf6 5. Bg5 Be7 6. Bxf6 Bxf6 7. c3 d5 8. Ng3 Qd6 9. Bd3 c5 10. dxc5 Qxc5 11. Nh5 Nd7 12. Qc2 Kf7 13. Nf3 g6 14. Nxf6 Nxf6 15. Ne5+ Kg7 16. O-O Nd7 17. Ng4 e5 18. Qd2 h5 19. Ne3 e4 20. Bc2 Nf6 21. Bb3 Be6 22. Nc2 Rad8 23. Nd4 Bf7 24. Qg5 Qc8 25. f3 Rhe8 26. Bc2 Nh7 27. Qg3 e3 28. Nf5+ Kh8 29. Nd6 Qe6 30. Nxe8 Rxe8 31. Rfe1 e2 32. Qf4 Nf6 33. Bd3 Qb6+ 34. Qd4 Qxd4+ 35. cxd4 Kg7 36. Rxe2 1-0

[Event "Madrid-ch final"]
[Site "Madrid"]
[Date "2026.05.23"]
[Round "1.29"]
[White "Marcos Lomo, Juan"]
[Black "Gonzalez Pinar, Adrian"]
[Result "1/2-1/2"]
[WhiteElo "1789"]
[BlackElo "2149"]
[WhiteFideId "-1"]
[BlackFideId "-1"]
[PlyCount "56"]
[GameId "2312987554881859"]
[EventDate "2026.05.23"]
[EventType "swiss"]
[EventRounds "8"]
[EventCountry "ESP"]

1. e4 e6 2. d4 d5 3. exd5 exd5 4. Bd3 Nc6 5. c3 Bd6 6. Ne2 Qf6 7. Qd2 Bf5 8. Bxf5 Qxf5 9. Qg5 Nge7 10. Qxf5 Nxf5 11. Ng3 Nce7 12. b3 a5 13. a4 Ra6 14. Na3 Bxa3 15. Bxa3 Re6+ 16. Kd2 Nh4 17. Bxe7 Rxe7 18. Rhg1 g6 19. Rae1 Rxe1 20. Kxe1 Kd7 21. f3 Re8+ 22. Kf2 c6 23. Ra1 h6 24. Ra2 Kd6 25. Rb2 b5 26. Ra2 Rb8 27. axb5 Rxb5 28. Rb2 Rb8 1/2-1/2

[Event "Madrid-ch final"]
[Site "Madrid"]
[Date "2026.05.23"]
[Round "1.30"]
[White "Rojas Fernandez, Antonio"]
[Black "Olias Rincon, Raul"]
[Result "1-0"]
[WhiteElo "2145"]
[BlackElo "1788"]
[WhiteFideId "-1"]
[BlackFideId "-1"]
[PlyCount "87"]
[GameId "2312988265173330"]
[EventDate "2026.05.23"]
[EventType "swiss"]
[EventRounds "8"]
[EventCountry "ESP"]

1. e4 c5 2. Nf3 e6 3. d4 cxd4 4. Nxd4 a6 5. Bd3 Nc6 6. Nxc6 dxc6 7. O-O e5 8. Nd2 Nf6 9. Nc4 Bd6 10. a4 Be6 11. Qe2 O-O 12. Bg5 Bc7 13. Kh1 b5 14. Ne3 h6 15. Bh4 Bb6 16. axb5 cxb5 17. Nf5 Bxf5 18. exf5 Qd6 19. Rad1 Qc7 20. Rde1 Rfe8 21. Bxf6 gxf6 22. Qh5 Kh7 23. Re4 Rh8 24. Rxe5 Bd4 25. Re4 Bxb2 26. Rfe1 Ba3 27. Rh4 Kg7 28. Rg4+ Kf8 29. Rge4 Kg7 30. Qf3 Bd6 31. Qg4+ Kh7 32. Qh4 Qc3 33. g3 b4 34. Bc4 Ra7 35. R1e2 Rc8 36. Kg2 a5 37. R2e3 Qxc2 38. Bb3 Qb2 39. Qh5 Rcc7 40. Rh4 Bf8 41. Bxf7 Rxf7 42. Qg6+ Kh8 43. Rxh6+ Bxh6 44. Qxh6+ 1-0

[Event "Madrid-ch final"]
[Site "Madrid"]
[Date "2026.05.23"]
[Round "1.31"]
[White "Garcia Lopez, Mireia"]
[Black "Martinez Aragon, Aitor"]
[Result "0-1"]
[WhiteElo "1787"]
[BlackElo "2140"]
[WhiteFideId "-1"]
[BlackFideId "-1"]
[PlyCount "40"]
[GameId "2312900851274971"]
[EventDate "2026.05.23"]
[EventType "swiss"]
[EventRounds "8"]
[EventCountry "ESP"]

1. e4 c5 2. Nf3 e6 3. Bd3 d5 4. exd5 exd5 5. O-O Be7 6. c3 Nf6 7. h3 O-O 8. Re1 Nc6 9. Bc2 d4 10. d3 Re8 11. Nbd2 h6 12. Nc4 Bf5 13. Bb3 dxc3 14. Nfe5 Nd5 15. d4 Bf6 16. Nxc6 bxc6 17. Ne5 cxd4 18. Nxc6 Qd6 19. Na5 Rxe1+ 20. Qxe1 d3 0-1

[Event "Madrid-ch final"]
[Site "Madrid"]
[Date "2026.05.23"]
[Round "1.32"]
[White "Cruz Pino, Adrian"]
[Black "Quiros Florea, Rafael-Santiago"]
[Result "0-1"]
[WhiteElo "2110"]
[BlackElo "1779"]
[WhiteFideId "-1"]
[BlackFideId "-1"]
[PlyCount "122"]
[GameId "2313062643204346"]
[EventDate "2026.05.23"]
[EventType "swiss"]
[EventRounds "8"]
[EventCountry "ESP"]

1. e4 e6 2. c4 c5 3. Nc3 Nc6 4. d3 Nf6 5. f4 d6 6. Nf3 Be7 7. g3 a6 8. Bg2 Qc7 9. O-O Rb8 10. b3 O-O 11. h3 b5 12. g4 b4 13. Ne2 Nd7 14. g5 Re8 15. Ng3 g6 16. Bb2 Bf8 17. Nh2 Nd4 18. Ng4 Bg7 19. Nh6+ Bxh6 20. gxh6 Bb7 21. Rc1 Nb6 22. Rf2 Qe7 23. Qg4 f5 24. Qg5 Qxg5 25. fxg5 Rf8 26. exf5 Nxf5 27. Nxf5 Rxf5 28. Rxf5 gxf5 29. d4 Bxg2 30. Kxg2 Nd7 31. Rd1 Rd8 32. dxc5 Nxc5 33. Be5 Ne4 34. c5 Nxc5 35. Rxd6 Rxd6 36. Bxd6 Ne4 37. Bxb4 Nxg5 38. Be7 Ne4 39. a4 Kf7 40. Ba3 e5 41. Bb2 Ke6 42. b4 Nd6 43. Kg3 Kd5 44. Kh4 Nf7 45. Bc3 Ke4 46. Kh5 f4 47. Be1 Ke3 48. b5 axb5 49. axb5 Nd6 50. b6 e4 51. Kg5 f3 52. Kf6 Ke2 53. Bg3 Nb7 54. Kg7 e3 55. Kxh7 f2 56. Bxf2 exf2 57. Kg7 f1=Q 58. h7 Qg2+ 59. Kf8 Qxh3 60. Kg7 Qd7+ 61. Kg6 Qd4 0-1

[Event "Madrid-ch final"]
[Site "Madrid"]
[Date "2026.05.23"]
[Round "1.33"]
[White "Rollano Carcajona, Ruben"]
[Black "Lorenzo Martin, Hector"]
[Result "0-1"]
[WhiteElo "1761"]
[BlackElo "2054"]
[WhiteFideId "-1"]
[BlackFideId "-1"]
[PlyCount "106"]
[GameId "2313075368329486"]
[EventDate "2026.05.23"]
[EventType "swiss"]
[EventRounds "8"]
[EventCountry "ESP"]

1. d4 d5 2. c4 e6 3. Nc3 Nf6 4. cxd5 exd5 5. Nf3 c6 6. Bg5 Bf5 7. e3 Be7 8. Be2 h6 9. Bh4 Nbd7 10. Bg3 Nh5 11. Nd2 Nxg3 12. hxg3 Qb6 13. Qb3 a5 14. Qxb6 Nxb6 15. Rc1 O-O 16. O-O Rfc8 17. Nf3 f6 18. Nh4 Be6 19. Ng6 Bd6 20. Nf4 Bf7 21. Bg4 Re8 22. Bh5 Bxh5 23. Nxh5 Kf7 24. Nf4 Bxf4 25. gxf4 a4 26. Rc2 Ra6 27. g4 h5 28. gxh5 Rh8 29. Kg2 Rxh5 30. Rh1 Rxh1 31. Kxh1 Nc4 32. Kg2 Ke6 33. Kf3 Kf5 34. Kg3 Nd6 35. Kf3 Ra8 36. Ne2 Ra6 37. Nc3 g5 38. fxg5 fxg5 39. Ne2 Ne4 40. Nc3 g4+ 41. Ke2 Nxc3+ 42. bxc3 Rb6 43. Kd3 a3 44. c4 dxc4+ 45. Rxc4 Rb2 46. Rc5+ Ke6 47. Rc2 c5 48. dxc5 Rxc2 49. Kxc2 Kd5 50. Kd3 Kxc5 51. e4 b5 52. Kc3 b4+ 53. Kb3 Kd4 0-1

[Event "Madrid-ch final"]
[Site "Madrid"]
[Date "2026.05.23"]
[Round "1.34"]
[White "Cancio-Bello Ayes, Flavia"]
[Black "Barahona Torrijos, Angel"]
[Result "1/2-1/2"]
[WhiteElo "2052"]
[BlackElo "1759"]
[WhiteFideId "-1"]
[BlackFideId "-1"]
[PlyCount "99"]
[GameId "2313176298066038"]
[EventDate "2026.05.23"]
[EventType "swiss"]
[EventRounds "8"]
[EventCountry "ESP"]

1. e4 e5 2. Nf3 Nc6 3. Bc4 Nf6 4. Ng5 d5 5. exd5 Nd4 6. c3 Nf5 7. Bb5+ Bd7 8. Qa4 Bc5 9. O-O O-O 10. Bxd7 Nxd7 11. d3 Nb6 12. Qe4 g6 13. b4 Be7 14. Nf3 Nxd5 15. Nxe5 c5 16. bxc5 Bxc5 17. Ng4 Re8 18. Qxd5 Qxd5 19. Nf6+ Kg7 20. Nxd5 Rad8 21. Nf4 g5 22. Nh5+ Kg6 23. Ng3 Nxg3 24. hxg3 Rxd3 25. Ba3 Bb6 26. Kh2 g4 27. Bc1 Re2 28. Be3 Bxe3 29. fxe3 Rexe3 30. a4 Rxg3 31. a5 Rge3 32. Ra4 f5 33. a6 b5 34. Raf4 Re5 35. Rd4 Rxd4 36. cxd4 Rd5 37. Nc3 Rxd4 38. Nxb5 Ra4 39. Nc7 f4 40. Rb1 Kh5 41. Kg1 g3 42. Kf1 Kg4 43. Rb2 Rc4 44. Nb5 Ra4 45. Nc7 Rc4 46. Nd5 Rc6 47. Nb4 Rb6 48. Ke2 h5 49. Kd3 h4 50. Ke4 1/2-1/2

[Event "Madrid-ch final"]
[Site "Madrid"]
[Date "2026.05.23"]
[Round "1.36"]
[White "Compte Andreu, Alberto"]
[Black "Neill Rodriguez, John"]
[Result "1-0"]
[WhiteElo "2044"]
[BlackElo "1684"]
[WhiteFideId "-1"]
[BlackFideId "-1"]
[PlyCount "45"]
[GameId "2312900284363947"]
[EventDate "2026.05.23"]
[EventType "swiss"]
[EventRounds "8"]
[EventCountry "ESP"]

1. c4 e5 2. Nc3 Nf6 3. Nf3 Nc6 4. e4 d6 5. d4 Bg4 6. d5 Nd4 7. Be3 Nxf3+ 8. gxf3 Bd7 9. Qd2 a6 10. h4 Nh5 11. Ne2 Be7 12. Ng3 Nf6 13. h5 h6 14. Bh3 Bxh3 15. Rxh3 Qd7 16. Rh1 O-O-O 17. Qa5 Qe8 18. b4 Nd7 19. c5 dxc5 20. bxc5 Nb8 21. Rb1 c6 22. d6 Bg5 23. Qc7# 1-0